000 00731nam a22002535i 4500
001 10627
003 ES-MaACL
005 20230906145927.0
007 t|
008 940602s1994 sp ||||0| spa j
020 _a84-339-0651-8
040 _aM-BN
_bspa
_cM-BN
080 _a820(73)-31"19"
100 1 _aBrodkey, Harold.
_931856
245 1 3 _aEl alma fugitiva /
_cHarold Brodkey ; traducción de Damián Alou.
260 _aBarcelona :
_bAnagrama,
_cD.L. 1994.
300 _a983 p ;
_c22 cm.
490 1 _aPanorama de narrativas ;
_v300
700 1 _aAlou, Damián.
_920453
830 0 0 _aPanorama de narrativas
_v300
_9123642
852 _aES-MaACL
_jL-18028
_bR.123064
999 _c10627
_d10627